| 000 | 00650nam a2200205 a 4500 | ||
|---|---|---|---|
| 005 | 20210223121509.0 | ||
| 008 | 991125s1991 mx 000 0 spa u | ||
| 035 | _aUPN01000018767 | ||
| 049 | _aCG | ||
| 050 | 4 |
_aHD1289 M6 _bC3.4 |
|
| 100 | 1 |
_aCalva, José Luis _936551 |
|
| 245 | 1 | 3 |
_aEl ejido en México : _bcrisis y modernización / _cJosé Luis Calva, Alejandro Encinas, Luis Meneses. |
| 260 |
_aMéxico : _bFundación Friedrich Ebert, _c1991. |
||
| 300 | _a68 p. | ||
| 440 | 0 |
_aDocumentos de trabajo ; _v29 |
|
| 650 | 4 |
_aEJIDOS - _zMEXICO _914989 |
|
| 700 | 1 |
_aEncinas, Alejandro, _ecoaut. |
|
| 700 | 1 |
_aMeneses, Luis, _ecoaut. |
|
| 905 | _aLibro | ||
| 999 |
_c18767 _d18767 |
||